000 00311nam a22000977a 4500
008 150622b xxu||||| |||| 00| 0 eng d
010 _8HCCRSF:005
245 _aHIGH COURT CRIMINAL SESSION NO.357 OF 1969 Uganda Vs Nzera Namwaya
260 _aHigh Court Kampala
500 _3BEFORE: Hon. Mr. Acting Justice Y.V. Phadke
999 _c6561
_d6561